00948ntm a22002297a 450000500170000000800410001704000280005808200170008610000380010324501110014126000100025230000350026250001820029759000140047965000400049365300230053365500090055670000270056594200080059299900170060095201010061720170809144751.0170802s2014 xx a frb 000 0 eng d aEG-ScBUEbengcEG-ScBUE04a624bGAW2221 aAbdel Gawad, Mohamed Abdel Hamid.10aDesign project for water waste water treatment plant and water network /cMohamed Abdel Hamid Abdel Gawad. c2014. a55 p. :bill. (col.) ;c28 cm. aA dissertation submitted to the faculty of engineering, The British University in Egypt, in partial fulfillment of the requirements for the bachelor degree in civil engineering. amai allam 72BUEshaCivil Engineering.vProjects bENGCIVcAugust2017 vSPRO1 aHegazy, Mohamed.eths. 2ddc c25355d25327 00102ddc4070aMAINbMAINc2NDd2017-08-09l0o624 GAWp000046517r2025-07-15 00:00:00yPROJST